Berufsbegleitender Studiengang "Management, Ethik und Innovation im Nonprofit-Bereich": neuer Studienschwerpunkt bietet umfangreiche Weiterbildung für Führungskräfte in der Sozialwirtschaft

Saved in:
Bibliographic Details
Main Author: Eurich, Johannes (Author)
Format: Article (Journal)
Language:German
Published: [2018-10-22]
In: Diakoniewissenschaft in Forschung und Lehre
Year: 2016, Volume: 45, Pages: 181-182
ISSN:2199-1960
Online Access:Verlag, Volltext: http://nbn-resolving.de/urn:nbn:de:bsz:16-dwijb-537164
Get full text
Author Notes:Johannes Eurich

MARC

LEADER 00000caa a2200000 c 4500
001 1663292094
003 DE-627
005 20210816115244.0
007 cr uuu---uuuuu
008 190416s2018 xx |||||o 00| ||ger c
024 7 |a urn:nbn:de:bsz:16-dwijb-537164  |2 urn 
024 7 |a 10.11588/dwijb.2016.0.53716  |2 doi 
035 |a (DE-627)1663292094 
035 |a (DE-599)KXP1663292094 
035 |a (OCoLC)1264074817 
040 |a DE-627  |b ger  |c DE-627  |e rda 
041 |a ger 
084 |a 12  |2 sdnb 
084 |a 1  |2 ssgn 
100 1 |a Eurich, Johannes  |d 1962-  |e VerfasserIn  |0 (DE-588)13237269X  |0 (DE-627)521913527  |0 (DE-576)18288354X  |4 aut 
245 1 0 |a Berufsbegleitender Studiengang "Management, Ethik und Innovation im Nonprofit-Bereich"  |b neuer Studienschwerpunkt bietet umfangreiche Weiterbildung für Führungskräfte in der Sozialwirtschaft  |c Johannes Eurich 
264 1 |c [2018-10-22] 
300 |a 2 
336 |a Text  |b txt  |2 rdacontent 
337 |a Computermedien  |b c  |2 rdamedia 
338 |a Online-Ressource  |b cr  |2 rdacarrier 
500 |a Gesehen am 16.04.2019 
773 0 8 |i Enthalten in  |t Diakoniewissenschaft in Forschung und Lehre  |d Heidelberg : DWI, 2014  |g 45(2016/2017), Seite 181-182  |h Online-Ressource  |w (DE-627)788287982  |w (DE-600)2773812-7  |w (DE-576)408071966  |x 2199-1960  |7 nnas  |a Berufsbegleitender Studiengang "Management, Ethik und Innovation im Nonprofit-Bereich" neuer Studienschwerpunkt bietet umfangreiche Weiterbildung für Führungskräfte in der Sozialwirtschaft 
773 1 8 |g volume:45  |g year:2016/2017  |g pages:181-182  |g extent:2  |a Berufsbegleitender Studiengang "Management, Ethik und Innovation im Nonprofit-Bereich" neuer Studienschwerpunkt bietet umfangreiche Weiterbildung für Führungskräfte in der Sozialwirtschaft 
856 4 0 |u http://nbn-resolving.de/urn:nbn:de:bsz:16-dwijb-537164  |x Verlag  |x Resolving-System  |3 Volltext 
951 |a AR 
992 |a 20190416 
993 |a Article 
994 |a 2018 
998 |g 13237269X  |a Eurich, Johannes  |m 13237269X:Eurich, Johannes  |d 10000  |d 10600  |e 10000PE13237269X  |e 10600PE13237269X  |k 0/10000/  |k 1/10000/10600/  |p 1  |x j  |y j 
999 |a KXP-PPN1663292094  |e 3422551123 
BIB |a Y 
SER |a journal 
JSO |a {"note":["Gesehen am 16.04.2019"],"language":["ger"],"physDesc":[{"extent":"2 S."}],"origin":[{"dateIssuedDisp":"[2018-10-22]","dateIssuedKey":"2018"}],"relHost":[{"note":["Gesehen am 11.04.19"],"corporate":[{"display":"Universität Heidelberg","role":"isb"}],"physDesc":[{"extent":"Online-Ressource"}],"language":["ger"],"pubHistory":["43.2013 -"],"part":{"year":"2016/2017","volume":"45","text":"45(2016/2017), Seite 181-182","pages":"181-182","extent":"2"},"title":[{"title_sort":"Diakoniewissenschaft in Forschung und Lehre","title":"Diakoniewissenschaft in Forschung und Lehre","subtitle":"DWI-Jahrbuch ..."}],"origin":[{"dateIssuedKey":"2014","publisherPlace":"Heidelberg ; Heidelberg","dateIssuedDisp":"2014-","publisher":"DWI ; Universitätsbibliothek Heidelberg"}],"name":{"displayForm":["DWI, Diakoniewissenschaftliches Institut, Universität Heidelberg"]},"type":{"bibl":"periodical","media":"Online-Ressource"},"recId":"788287982","id":{"issn":["2199-1960"],"zdb":["2773812-7"],"eki":["788287982"]},"disp":"Berufsbegleitender Studiengang \"Management, Ethik und Innovation im Nonprofit-Bereich\" neuer Studienschwerpunkt bietet umfangreiche Weiterbildung für Führungskräfte in der SozialwirtschaftDiakoniewissenschaft in Forschung und Lehre"}],"title":[{"title_sort":"Berufsbegleitender Studiengang \"Management, Ethik und Innovation im Nonprofit-Bereich\"","title":"Berufsbegleitender Studiengang \"Management, Ethik und Innovation im Nonprofit-Bereich\"","subtitle":"neuer Studienschwerpunkt bietet umfangreiche Weiterbildung für Führungskräfte in der Sozialwirtschaft"}],"person":[{"display":"Eurich, Johannes","given":"Johannes","role":"aut","family":"Eurich"}],"recId":"1663292094","id":{"uri":["urn:nbn:de:bsz:16-dwijb-537164"],"eki":["1663292094"],"doi":["10.11588/dwijb.2016.0.53716"]},"name":{"displayForm":["Johannes Eurich"]},"type":{"bibl":"article-journal","media":"Online-Ressource"}} 
SRT |a EURICHJOHABERUFSBEGL2018